Instant motivation

Bibliographic Details
Main Author: Clegg, Brian
Format: Book
Published: London : Kogan Page Ltd. , 2000
Subjects:

MARC

LEADER 00000cam a2200000 7i4500
001 0000046518
005 20010717.0
020 |a 0749431016 
090 0 0 |a 658.314   |b CLE 
100 1 |a Clegg, Brian 
245 1 0 |a Instant motivation   |c Brian Clegg 
260 |a London :   |b Kogan Page Ltd. ,   |c 2000 
300 |a 129p. ;   |c 23cm. 
650 0 0 |a Employee motivation 
999 |a 00107912   |b BUKU   |c PINJAMAN   |e PERPUSTAKAAN KOMUNITI PETALING JAYA